[Event "GBR-ch89"]
[Site "Torquay"]
[Date "2002.07.30"]
[Round "2"]
[White "Jones, Richard S"]
[Black "Richards, Heather"]
[Result "1/2-1/2"]
[WhiteElo "2234"]
[BlackElo "2275"]
[PlyCount "101"]
[EventDate "2002.07.29"]
[EventType "swiss"]
[EventRounds "11"]
[EventCountry "GBR"]
[SourceTitle "BritBase"]
[Source "John Saunders"]
[SourceDate "2008.07.14"]
[SourceVersion "1"]
[SourceVersionDate "2008.07.14"]
[SourceQuality "2"]

1. e4 e6 2. Nc3 d5 3. d4 Bb4 4. exd5 exd5 5. Bd3 Nc6 6. a3 Bxc3+ 7. bxc3 Nf6 8.
Bg5 O-O 9. Ne2 Na5 10. O-O Qd6 11. Re1 Bd7 12. Nf4 Ne4 13. Qh5 Be8 14. Be7 Qxf4
15. Bxe4 dxe4 16. Qxa5 Bc6 17. Bxf8 Rxf8 18. c4 b6 19. Qc3 f5 20. Qg3 Qd2 21.
Qxc7 Ba4 22. Rad1 Qxc2 23. Rc1 Qd2 24. Qxa7 e3 25. fxe3 Bc2 26. Qc7 f4 27. Qe5
f3 28. gxf3 h6 29. h4 Bg6 30. Qh2 Qd3 31. Qe2 Qxa3 32. c5 Bh5 33. Rf1 Bxf3 34.
Qc4+ Kh8 35. Rc3 Qa8 36. Qe6 Rf6 37. Qxf6 gxf6 38. Kf2 Bg2 39. Rfc1 Qf3+ 40.
Ke1 Qg3+ 41. Kd2 Qf2+ 42. Kd3 Bf1+ 43. Ke4 Be2 44. Kd5 Qf5+ 45. Kd6 b5 46. c6
Bc4 47. Rxc4 bxc4 48. Rxc4 Kg7 49. c7 Qc8 50. d5 Kf7 51. h5 1/2-1/2

[Event "GBR-ch89"]
[Site "Torquay"]
[Date "2002.07.30"]
[Round "2"]
[White "Kunte, Abhijit"]
[Black "Hebden, Mark L"]
[Result "1-0"]
[WhiteElo "2477"]
[BlackElo "2534"]
[PlyCount "151"]
[EventDate "2002.07.29"]
[EventType "swiss"]
[EventRounds "11"]
[EventCountry "GBR"]
[SourceTitle "BritBase"]
[Source "John Saunders"]
[SourceDate "2008.07.14"]
[SourceVersion "1"]
[SourceVersionDate "2008.07.14"]
[SourceQuality "2"]

1. g3 g6 2. Bg2 Bg7 3. d4 c5 4. c3 Qb6 5. Nf3 Nf6 6. O-O O-O 7. h3 d6 8. Nbd2
cxd4 9. Nxd4 Nc6 10. N2b3 Nxd4 11. Nxd4 e5 12. Nc2 d5 13. a4 Be6 14. a5 Qb5 15.
Kh2 Rfd8 16. Qd3 Qd7 17. Bg5 Bf5 18. Qd1 Rac8 19. Nb4 d4 20. Qa4 dxc3 21. bxc3
Qxa4 22. Rxa4 Rd7 23. Bxf6 Bxf6 24. Nd5 Bd8 25. c4 Kg7 26. e4 Be6 27. Rb1 a6
28. Bf1 Rc5 29. Rba1 f5 30. Bd3 Rf7 31. exf5 gxf5 32. R4a2 Rd7 33. Be2 Bxd5 34.
cxd5 Rcxd5 35. g4 Rd2 36. gxf5 Bxa5 37. Bg4 Bc3 38. f6+ Kxf6 39. Bxd7 Rxd7 40.
Rc1 Bd4 41. Kg2 Ke6 42. Rc8 Rg7+ 43. Kf1 Rf7 44. Rcc2 Kd6 45. Kg2 Rf8 46. Ra3
Ra8 47. Rca2 Kc6 48. Kf3 Rf8+ 49. Kg2 Kb6 50. Rb3+ Ka7 51. Rf3 Rg8+ 52. Rg3
Rxg3+ 53. Kxg3 b5 54. Kf3 b4 55. Ke4 Bc3 56. Kd3 Kb6 57. Kc4 a5 58. f3 h5 59.
Rg2 a4 60. Rg6+ Kc7 61. Ra6 a3 62. Kb3 h4 63. Rg6 Be1 64. Rg1 Bg3 65. Rd1 Bf2
66. Kxb4 Bd4 67. Kxa3 Kd6 68. Kb3 Ke6 69. Re1 Kf5 70. Re4 Bf2 71. Kc4 Bg3 72.
Rg4 Bf2 73. Kd3 Be1 74. Ke3 Bg3 75. Rg8 Bf4+ 76. Kd3 1-0

[Event "GBR-ch89"]
[Site "Torquay"]
[Date "2002.07.30"]
[Round "2"]
[White "Lane, Gary W"]
[Black "Nixon, Thomas"]
[Result "1-0"]
[WhiteElo "2446"]
[BlackElo "2187"]
[PlyCount "57"]
[EventDate "2002.07.29"]
[EventType "swiss"]
[EventRounds "11"]
[EventCountry "GBR"]
[SourceTitle "BritBase"]
[Source "John Saunders"]
[SourceDate "2008.07.14"]
[SourceVersion "1"]
[SourceVersionDate "2008.07.14"]
[SourceQuality "2"]

1. e4 e5 2. Nf3 Nc6 3. Bc4 Be7 4. d4 exd4 5. Nxd4 d6 6. Nc3 Nf6 7. O-O O-O 8.
h3 Nxd4 9. Qxd4 a6 10. a4 Nd7 11. Be3 Bf6 12. Qd2 Re8 13. Rae1 Ne5 14. Ba2 Nc6
15. Nd5 Be6 16. c3 b5 17. f4 Na5 18. axb5 axb5 19. Qd3 Rb8 20. Bb1 Bxd5 21.
exd5 g6 22. Ba7 Rb7 23. Bd4 Rxe1 24. Rxe1 Nb3 25. Bxf6 Qxf6 26. Bc2 Nc5 27.
Re8+ Kg7 28. Qe3 b4 29. g4 1-0

[Event "GBR-ch89"]
[Site "Torquay"]
[Date "2002.07.30"]
[Round "2"]
[White "Ledger, David J"]
[Black "Howell, David W"]
[Result "1/2-1/2"]
[WhiteElo "2271"]
[BlackElo "2211"]
[PlyCount "53"]
[EventDate "2002.07.29"]
[EventType "swiss"]
[EventRounds "11"]
[EventCountry "GBR"]
[SourceTitle "BritBase"]
[Source "John Saunders"]
[SourceDate "2008.07.14"]
[SourceVersion "1"]
[SourceVersionDate "2008.07.14"]
[SourceQuality "2"]

1. e4 e5 2. Bc4 Nf6 3. d3 Nc6 4. Nf3 Bc5 5. O-O a6 6. c3 Ba7 7. Bb3 O-O 8. Nbd2
d6 9. h3 Ne7 10. Re1 Ng6 11. Nf1 h6 12. Ng3 Nh7 13. d4 Qf6 14. Nh5 Qe7 15. Be3
Ng5 16. Bc2 Bd7 17. Ng3 Qf6 18. Nf5 Nxf3+ 19. Qxf3 Kh8 20. Rad1 Be6 21. Qh5
Rfe8 22. Bb1 Nf8 23. Kh2 Nh7 24. Ng3 Nf8 25. Nf5 Nh7 26. Ng3 Nf8 27. Nf5
1/2-1/2

[Event "GBR-ch89"]
[Site "Torquay"]
[Date "2002.07.30"]
[Round "2"]
[White "Littlewood, Paul"]
[Black "Rudd, Jack"]
[Result "1-0"]
[WhiteElo "2401"]
[BlackElo "2139"]
[PlyCount "85"]
[EventDate "2002.07.29"]
[EventType "swiss"]
[EventRounds "11"]
[EventCountry "GBR"]
[SourceTitle "BritBase"]
[Source "John Saunders"]
[SourceDate "2008.07.14"]
[SourceVersion "1"]
[SourceVersionDate "2008.07.14"]
[SourceQuality "2"]

1. Nf3 Nf6 2. c4 e6 3. d4 c5 4. e3 d5 5. Nc3 Nc6 6. cxd5 exd5 7. Be2 Bf5 8. O-O
c4 9. Ne5 Rc8 10. f3 Bd6 11. Nxc6 Rxc6 12. e4 dxe4 13. fxe4 Bxe4 14. Rxf6 Bxg2
15. Rxd6 Rxd6 16. Kxg2 Rxd4 17. Qa4+ Qd7 18. Qxd7+ Rxd7 19. Bxc4 O-O 20. Be3 a6
21. Kf3 b5 22. Bb3 h6 23. Rd1 Rxd1 24. Nxd1 Kh7 25. h4 Kg6 26. Bd4 f6 27. Ne3
Rd8 28. Bc3 h5 29. Nd5 Rd7 30. Ke4 Rd8 31. Nf4+ Kh6 32. Kf5 Rd7 33. Nd5 Rd6 34.
Nf4 Rd7 35. Ke6 Rd8 36. Ke7 Rc8 37. Ne6 Rb8 38. Bd5 b4 39. Bd4 a5 40. Be4 b3
41. Be3+ g5 42. hxg5+ fxg5 43. Bxg5# 1-0

[Event "GBR-ch89"]
[Site "Torquay"]
[Date "2002.07.30"]
[Round "2"]
[White "Mason, Don"]
[Black "Martyn, Rafe"]
[Result "1-0"]
[WhiteElo "2266"]
[BlackElo "2201"]
[PlyCount "127"]
[EventDate "2002.07.29"]
[EventType "swiss"]
[EventRounds "11"]
[EventCountry "GBR"]
[SourceTitle "BritBase"]
[Source "John Saunders"]
[SourceDate "2008.07.14"]
[SourceVersion "1"]
[SourceVersionDate "2008.07.14"]
[SourceQuality "2"]

1. e4 d5 2. exd5 Qxd5 3. Nc3 Qa5 4. d4 Nf6 5. Nf3 c6 6. Bd2 Bf5 7. Ne4 Qc7 8.
Nxf6+ gxf6 9. g3 e6 10. Bg2 Nd7 11. O-O O-O-O 12. Re1 Nb6 13. Qe2 Bg4 14. a4
Nd5 15. a5 a6 16. Ra4 Bg7 17. c4 Ne7 18. d5 Rhe8 19. Be3 Qb8 20. Bb6 Rd7 21.
dxe6 fxe6 22. Raa1 Ng6 23. Rad1 Ne5 24. Nxe5 Rxd1 25. Nxg4 Rxe1+ 26. Qxe1 f5
27. Ne3 Qe5 28. f4 Qf6 29. b4 Re7 30. b5 cxb5 31. cxb5 axb5 32. Qb4 Rd7 33.
Qxb5 Qa1+ 34. Bf1 Bd4 35. Qc4+ Kb8 36. Qxe6 Bxb6 37. axb6 Qd4 38. Qe8+ Rd8 39.
Qe5+ Qxe5 40. fxe5 Rd2 41. e6 Kc8 42. e7 Kd7 43. Nxf5 Rd5 44. Bb5+ Rxb5 45.
e8=Q+ Kxe8 46. Nd6+ Kd7 47. Nxb5 Kc6 48. Nd4+ Kxb6 49. Kf2 Kc5 50. Ke3 Kd5 51.
g4 Ke5 52. h4 Kd5 53. Nb5 Ke6 54. Nc3 b6 55. Nb5 Kf6 56. Kf4 Kg6 57. Ke5 Kf7
58. Kf5 Kg7 59. g5 Kf7 60. h5 Kg7 61. g6 Kh8 62. Kf6 Kg8 63. g7 h6 64. Nc3 1-0

[Event "GBR-ch89"]
[Site "Torquay"]
[Date "2002.07.30"]
[Round "2"]
[White "Meenakshi, Subbaraman"]
[Black "Evans-Quek, Suan"]
[Result "1-0"]
[WhiteElo "2266"]
[BlackElo "2268"]
[PlyCount "81"]
[EventDate "2002.07.29"]
[EventType "swiss"]
[EventRounds "11"]
[EventCountry "GBR"]
[SourceTitle "BritBase"]
[Source "John Saunders"]
[SourceDate "2008.07.14"]
[SourceVersion "1"]
[SourceVersionDate "2008.07.14"]
[SourceQuality "2"]

1. d4 d6 2. Nf3 Bg4 3. e4 Nf6 4. Bd3 Nc6 5. c3 e5 6. d5 Nb8 7. h3 Bh5 8. Be3
Be7 9. Nbd2 Bg6 10. Qc2 c6 11. c4 c5 12. O-O Nh5 13. a3 Nd7 14. b4 b6 15. Nb3
Nf4 16. bxc5 bxc5 17. Bxf4 exf4 18. Qd2 Bf6 19. Rab1 Ne5 20. Nxe5 Bxe5 21. Na5
Qf6 22. Nc6 f3 23. g3 Bc3 24. Qc2 O-O 25. Rb7 Bd4 26. Rfb1 h5 27. h4 Bh7 28.
Rd7 Kh8 29. Rbb7 g5 30. e5 Bxd3 31. Qxd3 Bxe5 32. hxg5 Qxg5 33. Nxe5 dxe5 34.
Rxf7 Rxf7 35. Rxf7 Qc1+ 36. Kh2 Qh6 37. Qxf3 h4 38. g4 Qd6 39. Qe4 Qh6 40.
Qxe5+ Kg8 41. Rf6 1-0

[Event "GBR-ch89"]
[Site "Torquay"]
[Date "2002.07.30"]
[Round "2"]
[White "Mutton, Jonathan"]
[Black "Wells, Peter K"]
[Result "0-1"]
[WhiteElo "2211"]
[BlackElo "2479"]
[PlyCount "80"]
[EventDate "2002.07.29"]
[EventType "swiss"]
[EventRounds "11"]
[EventCountry "GBR"]
[SourceTitle "BritBase"]
[Source "John Saunders"]
[SourceDate "2008.07.14"]
[SourceVersion "1"]
[SourceVersionDate "2008.07.14"]
[SourceQuality "2"]

1. e4 c5 2. Nc3 Nc6 3. Bb5 Nd4 4. Bc4 e6 5. Nf3 Nf6 6. O-O a6 7. d3 b5 8. Bb3
Nxb3 9. axb3 Bb7 10. e5 Ng4 11. Re1 d6 12. h3 Nxe5 13. Nxe5 dxe5 14. Rxe5 Bd6
15. Rg5 g6 16. Be3 f5 17. f4 Bxf4 18. Bxf4 Qd4+ 19. Kh1 Qxf4 20. Qc1 Qxc1+ 21.
Rxc1 Kf7 22. Rg3 Kf6 23. Re3 e5 24. Rf1 Rhd8 25. Ne4+ Bxe4 26. dxe4 f4 27. Rc3
Rac8 28. Ra1 Rc6 29. b4 c4 30. b3 Rd4 31. bxc4 Rxe4 32. Rca3 Rexc4 33. Rxa6
Rxc2 34. R1a5 e4 35. Kg1 e3 36. Kf1 Rxa6 37. Rxa6+ Kf5 38. Ra5 Rf2+ 39. Kg1 Rb2
40. Rxb5+ Ke4 0-1

[Event "GBR-ch89"]
[Site "Torquay"]
[Date "2002.07.30"]
[Round "2"]
[White "Pert, Nicholas"]
[Black "Douglas, Timothy"]
[Result "1-0"]
[WhiteElo "2460"]
[BlackElo "2174"]
[PlyCount "63"]
[EventDate "2002.07.29"]
[EventType "swiss"]
[EventRounds "11"]
[EventCountry "GBR"]
[SourceTitle "BritBase"]
[Source "John Saunders"]
[SourceDate "2008.07.14"]
[SourceVersion "1"]
[SourceVersionDate "2008.07.14"]
[SourceQuality "2"]

1. d4 d6 2. g3 g6 3. Bg2 Bg7 4. Nf3 Nf6 5. O-O O-O 6. c4 Nbd7 7. Nc3 c6 8. e4
e5 9. h3 Qe7 10. Re1 Re8 11. Be3 a6 12. a3 exd4 13. Nxd4 Ne5 14. Qe2 c5 15. Nf3
Nc6 16. Qd3 Be6 17. Bf4 Rad8 18. Nd5 Qd7 19. Bg5 Bxd5 20. cxd5 Na5 21. Qc3 Nxe4
22. Qxa5 Nxg5 23. Nxg5 Bxb2 24. Rab1 Bf6 25. Ne4 Bd4 26. Qb6 Qf5 27. Kh2 Qe5
28. Nxd6 Qg5 29. Rxe8+ Rxe8 30. Nxe8 Bxf2 31. Nf6+ Kg7 32. Ne4 1-0

[Event "GBR-ch89"]
[Site "Torquay"]
[Date "2002.07.30"]
[Round "2"]
[White "Pert, Richard"]
[Black "Lyell, Mark"]
[Result "1-0"]
[WhiteElo "2357"]
[BlackElo "2265"]
[PlyCount "63"]
[EventDate "2002.07.29"]
[EventType "swiss"]
[EventRounds "11"]
[EventCountry "GBR"]
[SourceTitle "BritBase"]
[Source "John Saunders"]
[SourceDate "2008.07.14"]
[SourceVersion "1"]
[SourceVersionDate "2008.07.14"]
[SourceQuality "2"]

1. d4 f5 2. Nc3 d5 3. Bf4 Nf6 4. e3 e6 5. Nf3 Be7 6. Nb5 Na6 7. c4 c6 8. Nc3
O-O 9. c5 Nc7 10. Bd3 Bd7 11. Ne5 Be8 12. h3 Nd7 13. Qc2 Bf6 14. Nf3 Bf7 15.
Ne2 Na6 16. a3 Qa5+ 17. Qd2 Qxd2+ 18. Kxd2 Rfe8 19. Bd6 h6 20. Bxa6 bxa6 21.
Ne5 Nxe5 22. dxe5 Be7 23. Nd4 Rac8 24. Rac1 Kf8 25. Rc3 Red8 26. f4 Ke8 27. Rb3
Bxd6 28. exd6 Rb8 29. Rxb8 Rxb8 30. Nxc6 Rxb2+ 31. Kc3 Rb7 32. Ne5 1-0

[Event "GBR-ch89"]
[Site "Torquay"]
[Date "2002.07.30"]
[Round "2"]
[White "Saravanan, Venkat"]
[Black "Ganguly, Surya Shekhar"]
[Result "0-1"]
[WhiteElo "2385"]
[BlackElo "2524"]
[PlyCount "110"]
[EventDate "2002.07.29"]
[EventType "swiss"]
[EventRounds "11"]
[EventCountry "GBR"]
[SourceTitle "BritBase"]
[Source "John Saunders"]
[SourceDate "2008.07.14"]
[SourceVersion "1"]
[SourceVersionDate "2008.07.14"]
[SourceQuality "2"]

1. e4 e5 2. Nf3 Nc6 3. Bb5 a6 4. Ba4 Nf6 5. O-O b5 6. Bb3 Bc5 7. c3 d6 8. Re1
O-O 9. d4 Bb6 10. h3 Bb7 11. a4 Rb8 12. Bg5 h6 13. Bh4 exd4 14. cxd4 g5 15. Bg3
Re8 16. d5 Ne5 17. axb5 axb5 18. Nc3 b4 19. Nb5 Bc8 20. Na7 Bd7 21. Nxe5 dxe5
22. Qc2 Ra8 23. Nc6 Bxc6 24. dxc6 Rxa1 25. Rxa1 Qd4 26. Re1 Rd8 27. Kf1 Rd6 28.
Rd1 Qxd1+ 29. Qxd1 Rxd1+ 30. Bxd1 Bd4 31. b3 Nxe4 32. Bc2 f5 33. Bxe4 fxe4 34.
h4 Kf7 35. hxg5 hxg5 36. Ke2 Ke6 37. f3 exf3+ 38. gxf3 Kd5 39. Be1 Bc3 40. Bf2
Bd4 41. Be1 Bc5 42. Bd2 Be7 43. Kd3 e4+ 44. fxe4+ Kxc6 45. Kd4 g4 46. Be1 Bc5+
47. Kc4 Bd6 48. e5 Bxe5 49. Bxb4 g3 50. Bc5 Bc3 51. b4 Be1 52. Be7 Kd7 53. Bg5
Ke6 54. Bf4 Bf2 55. Bxc7 g2 0-1

[Event "GBR-ch89"]
[Site "Torquay"]
[Date "2002.07.30"]
[Round "2"]
[White "Shaw, David A"]
[Black "Sowray, Peter J"]
[Result "1/2-1/2"]
[WhiteElo "2190"]
[BlackElo "2330"]
[PlyCount "122"]
[EventDate "2002.07.29"]
[EventType "swiss"]
[EventRounds "11"]
[EventCountry "GBR"]
[SourceTitle "BritBase"]
[Source "John Saunders"]
[SourceDate "2008.07.14"]
[SourceVersion "1"]
[SourceVersionDate "2008.07.14"]
[SourceQuality "2"]

1. e4 d6 2. d4 Nf6 3. Nc3 g6 4. Bc4 Bg7 5. f3 Nc6 6. Be3 O-O 7. Qd2 e5 8. d5
Nd4 9. Nge2 Nxe2 10. Bxe2 Nh5 11. g4 Nf4 12. O-O-O a6 13. h4 b5 14. Bf1 c6 15.
dxc6 Qa5 16. Kb1 Ne6 17. h5 Nd4 18. Bg2 Re8 19. hxg6 fxg6 20. Bh6 Bh8 21. Bg5
Be6 22. Nd5 Qxd2 23. Rxd2 Ra7 24. c7 Bxd5 25. exd5 b4 26. Bd8 Ra8 27. g5 Raxd8
28. cxd8=Q Rxd8 29. Rf2 Rf8 30. Rh4 Rf5 31. Rg4 Bg7 32. c3 bxc3 33. bxc3 Nb5
34. Rc2 Na3+ 35. Kc1 Nxc2 36. Kxc2 Bf8 37. Rg3 Be7 38. Bh3 Rxg5 39. Rxg5 Bxg5
40. Kd3 Kf7 41. a4 a5 42. c4 Bc1 43. c5 dxc5 44. d6 Bb2 45. Kc4 Bd4 46. Kb5 Ke8
47. Kxa5 c4 48. Kb4 c3 49. Kb3 h5 50. a5 g5 51. Bf5 Kd8 52. a6 Ke8 53. Bg6+ Kd7
54. Bxh5 Kxd6 55. a7 Bxa7 56. Kxc3 Kd5 57. Kd3 Bd4 58. Bf7+ Kd6 59. Ke4 Ke7 60.
Bh5 Kf6 61. Bg4 Ba1 1/2-1/2

[Event "GBR-ch89"]
[Site "Torquay"]
[Date "2002.07.30"]
[Round "2"]
[White "Simpson, James"]
[Black "Rowson, Jonathan"]
[Result "1/2-1/2"]
[WhiteElo "2245"]
[BlackElo "2545"]
[PlyCount "79"]
[EventDate "2002.07.29"]
[EventType "swiss"]
[EventRounds "11"]
[EventCountry "GBR"]
[SourceTitle "BritBase"]
[Source "John Saunders"]
[SourceDate "2008.07.14"]
[SourceVersion "1"]
[SourceVersionDate "2008.07.14"]
[SourceQuality "2"]

1. d4 d5 2. Nf3 Nf6 3. c4 dxc4 4. e3 e6 5. Bxc4 c5 6. O-O a6 7. Nc3 b5 8. Be2
Bb7 9. b3 Nc6 10. dxc5 Bxc5 11. Bb2 Bd6 12. Ng5 Qb8 13. h3 Bh2+ 14. Kh1 Be5 15.
Bf3 O-O 16. Qe2 Rc8 17. Nce4 Bxb2 18. Qxb2 Nxe4 19. Bxe4 h6 20. Nf3 Nb4 21.
Bxb7 Qxb7 22. a3 Nd3 23. Qe2 Rc3 24. Rad1 Nc5 25. b4 Ne4 26. Rd3 Rac8 27. Kg1
Rc2 28. Rd8+ Kh7 29. Qd3 R2c3 30. Qd7 Qxd7 31. Rxd7 Kg8 32. Ra7 Rxa3 33. Ne5 f6
34. Ng6 Kh7 35. Nf4 e5 36. Ne6 Rg8 37. Rd1 Ra2 38. Rdd7 Nxf2 39. Nf8+ Kh8 40.
Ng6+ 1/2-1/2

[Event "GBR-ch89"]
[Site "Torquay"]
[Date "2002.07.30"]
[Round "2"]
[White "Snape, Ian L"]
[Black "Sherwin, James"]
[Result "1/2-1/2"]
[WhiteElo "2202"]
[BlackElo "2344"]
[PlyCount "90"]
[EventDate "2002.07.29"]
[EventType "swiss"]
[EventRounds "11"]
[EventCountry "GBR"]
[SourceTitle "BritBase"]
[Source "John Saunders"]
[SourceDate "2008.07.14"]
[SourceVersion "1"]
[SourceVersionDate "2008.07.14"]
[SourceQuality "2"]

1. c4 e6 2. g3 d5 3. Bg2 Nf6 4. Nf3 c5 5. O-O Nc6 6. cxd5 exd5 7. d4 Be7 8. Nc3
O-O 9. Bg5 c4 10. Ne5 Be6 11. Nxc4 dxc4 12. Bxf6 Bxf6 13. d5 Bxd5 14. Qxd5 Qxd5
15. Bxd5 Na5 16. e4 Rab8 17. f4 Bd4+ 18. Kh1 Rfd8 19. Rad1 Bxc3 20. bxc3 Kf8
21. e5 Rd7 22. e6 Rd6 23. exf7 Rbd8 24. Rfe1 Nc6 25. Re8+ Rxe8 26. fxe8=Q+ Kxe8
27. Bf7+ Ke7 28. Rxd6 Kxd6 29. Bxc4 Kc5 30. Be6 a5 31. Kg2 Na7 32. Bd7 Kc4 33.
h4 Kxc3 34. g4 Kd4 35. g5 Ke4 36. f5 Ke5 37. h5 Nc6 38. Kg3 Ne7 39. Kg4 Nd5 40.
Bc8 Ne3+ 41. Kf3 Nxf5 42. Bxb7 Nd4+ 43. Kg4 a4 44. Ba6 a3 45. h6 gxh6 1/2-1/2

[Event "GBR-ch89"]
[Site "Torquay"]
[Date "2002.07.30"]
[Round "2"]
[White "Swathi, Ghate"]
[Black "Lalic, Bogdan"]
[Result "1/2-1/2"]
[WhiteElo "2234"]
[BlackElo "2540"]
[PlyCount "32"]
[EventDate "2002.07.29"]
[EventType "swiss"]
[EventRounds "11"]
[EventCountry "GBR"]
[SourceTitle "BritBase"]
[Source "John Saunders"]
[SourceDate "2008.07.14"]
[SourceVersion "1"]
[SourceVersionDate "2008.07.14"]
[SourceQuality "2"]

1. e4 e6 2. d4 d5 3. e5 c5 4. c3 Nc6 5. Nf3 Bd7 6. Be2 Nge7 7. O-O Ng6 8. a3
Be7 9. b4 cxd4 10. cxd4 f6 11. exf6 Bxf6 12. Bd3 Nge7 13. Bb2 O-O 14. Nbd2 Nf5
15. Bxf5 exf5 16. Ne5 Bxe5 1/2-1/2

[Event "GBR-ch89"]
[Site "Torquay"]
[Date "2002.07.30"]
[Round "2"]
[White "Tan, Desmond"]
[Black "Gallagher, Joseph G"]
[Result "0-1"]
[WhiteElo "2292"]
[BlackElo "2517"]
[PlyCount "60"]
[EventDate "2002.07.29"]
[EventType "swiss"]
[EventRounds "11"]
[EventCountry "GBR"]
[SourceTitle "BritBase"]
[Source "John Saunders"]
[SourceDate "2008.07.14"]
[SourceVersion "1"]
[SourceVersionDate "2008.07.14"]
[SourceQuality "2"]

1. e4 c5 2. Nc3 Nc6 3. Bb5 Nd4 4. Bc4 e6 5. Nf3 Nf6 6. O-O a6 7. e5 d5 8. exf6
dxc4 9. fxg7 Bxg7 10. d3 cxd3 11. Qxd3 Bd7 12. Nxd4 Bxd4 13. Be3 Bc6 14. f3 Rg8
15. Rf2 Qh4 16. Bxd4 O-O-O 17. Ne2 cxd4 18. a4 Rd5 19. b4 Rgd8 20. Qc4 Kb8 21.
c3 e5 22. cxd4 exd4 23. g3 Qf6 24. Qd3 Re5 25. Nf4 Re3 26. Qd1 d3 27. Rb1 Qd4
28. Kg2 d2 29. Rf1 Bxf3+ 30. Rxf3 Qe4 0-1

[Event "GBR-ch89"]
[Site "Torquay"]
[Date "2002.07.30"]
[Round "2"]
[White "Taylor, Peter P"]
[Black "Webb, Laurence"]
[Result "1/2-1/2"]
[WhiteElo "2224"]
[BlackElo "2262"]
[PlyCount "54"]
[EventDate "2002.07.29"]
[EventType "swiss"]
[EventRounds "11"]
[EventCountry "GBR"]
[SourceTitle "BritBase"]
[Source "John Saunders"]
[SourceDate "2008.07.14"]
[SourceVersion "1"]
[SourceVersionDate "2008.07.14"]
[SourceQuality "2"]

1. e4 e5 2. Nf3 Nc6 3. Bb5 a6 4. Bxc6 dxc6 5. O-O f6 6. d4 exd4 7. Nxd4 c5 8.
Nb3 Qxd1 9. Rxd1 Bd7 10. Be3 b6 11. a4 Ne7 12. N1d2 a5 13. Nc4 Nc6 14. Bf4
O-O-O 15. Bg3 Be7 16. Ne3 Be6 17. Nd5 Bxd5 18. exd5 Nb4 19. c4 Rhe8 20. Kf1 Bf8
21. Rac1 g6 22. Bf4 Re4 23. Be3 Bg7 24. Nd2 Ree8 25. Nf3 Rd7 26. Rd2 f5 27. g3
Bf6 1/2-1/2

[Event "GBR-ch89"]
[Site "Torquay"]
[Date "2002.07.30"]
[Round "2"]
[White "Thomas, Nicholas"]
[Black "White, Ian G"]
[Result "1/2-1/2"]
[WhiteElo "2248"]
[BlackElo "2015"]
[PlyCount "60"]
[EventDate "2002.07.29"]
[EventType "swiss"]
[EventRounds "11"]
[EventCountry "GBR"]
[SourceTitle "BritBase"]
[Source "John Saunders"]
[SourceDate "2008.07.14"]
[SourceVersion "1"]
[SourceVersionDate "2008.07.14"]
[SourceQuality "2"]

1. e4 e6 2. Nc3 d5 3. d4 Bb4 4. Nge2 Nc6 5. a3 Ba5 6. Be3 Nge7 7. Qd3 dxe4 8.
Qxe4 O-O 9. O-O-O Nd5 10. Qd3 Nce7 11. Bg5 c6 12. Ne4 h6 13. Bd2 Bxd2+ 14. Qxd2
Qc7 15. c4 Nb6 16. Qf4 Qxf4+ 17. Nxf4 Rd8 18. b3 Nf5 19. Ne2 Nd7 20. h4 Nf6 21.
Nxf6+ gxf6 22. g4 Ne7 23. Bg2 b6 24. Ng3 Rb8 25. Nh5 f5 26. g5 Kh7 27. f4 Bb7
28. Nf6+ Kg7 29. Kc2 Ng6 30. Nh5+ Kh7 1/2-1/2

[Event "GBR-ch89"]
[Site "Torquay"]
[Date "2002.07.30"]
[Round "2"]
[White "Turner, Matthew J"]
[Black "Burnett, James"]
[Result "1-0"]
[WhiteElo "2519"]
[BlackElo "2199"]
[PlyCount "83"]
[EventDate "2002.07.29"]
[EventType "swiss"]
[EventRounds "11"]
[EventCountry "GBR"]
[SourceTitle "BritBase"]
[Source "John Saunders"]
[SourceDate "2008.07.14"]
[SourceVersion "1"]
[SourceVersionDate "2008.07.14"]
[SourceQuality "2"]

1. e4 d5 2. exd5 Qxd5 3. Nc3 Qa5 4. d4 Nf6 5. Bc4 c6 6. Bd2 Bf5 7. Nf3 e6 8.
Nd5 Qd8 9. Nxf6+ gxf6 10. Bb3 Nd7 11. Nh4 Bg6 12. Qf3 Bd6 13. Qh3 Rg8 14. O-O-O
Qe7 15. g4 O-O-O 16. f4 Nb6 17. f5 exf5 18. Nxf5 Qc7 19. g5 Kb8 20. Nxd6 Qxd6
21. Rhf1 Ka8 22. Rxf6 Qxd4 23. Bxf7 Bxf7 24. Rxf7 Rxg5 25. Qe3 Rgd5 26. Qxd4
Rxd4 27. b3 h5 28. Rf2 Nd5 29. Re1 b5 30. Re6 Rc8 31. Rf7 Rh4 32. Be1 Rxh2 33.
Bf2 Rc7 34. Rf8+ Kb7 35. Bg3 Rh1+ 36. Kb2 Rg7 37. Rb8+ Ka6 38. Rxc6+ Nb6 39.
Bc7 h4 40. Bxb6 axb6 41. Rbxb6+ Ka7 42. Rxb5 1-0

[Event "GBR-ch89"]
[Site "Torquay"]
[Date "2002.07.30"]
[Round "2"]
[White "Wall, Gavin"]
[Black "D'Costa, Lorin"]
[Result "1-0"]
[WhiteElo "2367"]
[BlackElo "2254"]
[PlyCount "103"]
[EventDate "2002.07.29"]
[EventType "swiss"]
[EventRounds "11"]
[EventCountry "GBR"]
[SourceTitle "BritBase"]
[Source "John Saunders"]
[SourceDate "2008.07.14"]
[SourceVersion "1"]
[SourceVersionDate "2008.07.14"]
[SourceQuality "2"]

1. e4 c5 2. Nf3 Nc6 3. Bb5 g6 4. O-O Bg7 5. Nc3 Nf6 6. Bxc6 dxc6 7. d3 O-O 8.
Be3 Nd7 9. Qd2 Re8 10. Bh6 Bh8 11. h3 e5 12. Nh2 Qe7 13. f4 exf4 14. Bxf4 Ne5
15. Nf3 Nxf3+ 16. Rxf3 Be6 17. Raf1 Qd8 18. Be3 b6 19. b3 Qd6 20. Ne2 Rad8 21.
Nf4 Bc8 22. Qf2 Bg7 23. Ne2 Be6 24. Rxf7 Bxf7 25. Qxf7+ Kh8 26. Qxa7 Qb8 27.
Qxb8 Rxb8 28. a4 Rf8 29. Rf3 Ra8 30. Kf2 Kg8 31. Ke1 Ra7 32. Kd2 Rff7 33. c3
Rfe7 34. Kc2 Re8 35. Ng3 h5 36. Nf1 Bf8 37. Nd2 Kh7 38. Rf6 b5 39. Rxf8 Rxf8
40. Bxc5 Rff7 41. Bxa7 Rxa7 42. axb5 cxb5 43. d4 Kh6 44. Kd3 Kg5 45. Ke3 Kh4
46. d5 Kg3 47. e5 Kxg2 48. d6 g5 49. e6 g4 50. hxg4 h4 51. e7 Ra1 52. Ke2 1-0